[Event "Groningen Open A"]
[Site "Groningen NED"]
[Date "2012.12.22"]
[Round "2.41"]
[White "Ratsma, Midas"]
[Black "Ootes, Lennart"]
[Result "1-0"]
[WhiteElo "2031"]
[BlackElo "2209"]
[WhiteFideId "1032283"]
[BlackFideId "1020986"]
[EventDate "2012.12.21"]

1. d4 Nf6 2. c4 d6 3. Nc3 e5 4. Nf3 e4 5. Nd2 Qe7 6. e3 Bf5 7. Be2 h5 8. b4 g6
9. Qc2 Bg7 10. Bb2 h4 11. O-O-O Nc6 12. Rde1 Kf8 13. a3 a5 14. b5 Nxd4 15. exd4
e3 16. Bd3 exd2+ 17. Kxd2 Bh6+ 18. Kd1 Bxd3 19. Qxd3 Qd7 20. d5 Qg4+ 21. Re2 Nd7
22. Ne4 Ne5 23. Bxe5 dxe5 24. f3 Qf4 25. Kc2 Kg7 26. g3 Qf5 27. Rg1 Bg5 28. Rge1
hxg3 29. hxg3 Rh3 30. g4 Qf4 31. Nxg5 Qxg5 32. Rxe5 Qf4 33. Qc3 Kh7 34. R1e3 c6
35. d6 cxb5 36. d7 b4 37. Qd3 Rh2+ 38. Kd1 Rd8 39. axb4 axb4 40. Rh5+ Rxh5 41.
gxh5 b3 42. hxg6+ fxg6 43. Re8 b2 44. Rxd8 Qc1+ 45. Ke2 b1=Q 46. Rh8+ Kg7 47.
Qd4+ Kf7 48. Rf8+ Kxf8 49. Qf6+ 1-0

[Event "Groningen Open A"]
[Site "Groningen NED"]
[Date "2012.12.22"]
[Round "2.42"]
[White "Bosker, Peter"]
[Black "Gieben, Stijn"]
[Result "1-0"]
[WhiteElo "2170"]
[BlackElo "2048"]
[WhiteFideId "1024655"]
[BlackFideId "1034170"]
[EventDate "2012.12.21"]

1. d4 d5 2. Nf3 Nf6 3. c4 c6 4. Nc3 e6 5. Bg5 h6 6. Bxf6 Qxf6 7. e3 Nd7 8. Rc1
g6 9. Bd3 dxc4 10. Bxc4 Bg7 11. O-O O-O 12. b4 e5 13. d5 Nb6 14. Ne4 Qd8 15.
dxc6 bxc6 16. Bb3 Ba6 17. Re1 Nd5 18. Rxc6 Nxb4 19. Rd6 Qa5 20. Rxg6 Nd3 21. Rf1
Nb2 22. Qd6 Qb6 23. Qxf8+ Kxf8 24. Rxb6 axb6 25. Rc1 Rd8 26. h3 Rd7 27. Ng3 Bb7
28. Nf5 Nd3 29. Rd1 Bxf3 30. gxf3 Nc5 31. Rxd7 Nxd7 32. Kg2 Nc5 33. Bc2 h5 34.
Kg3 Bf6 35. f4 e4 36. Bd1 h4+ 37. Nxh4 Nd3 38. Nf5 Ne1 39. Nd6 1-0

[Event "Groningen Open A"]
[Site "Groningen NED"]
[Date "2012.12.22"]
[Round "2.43"]
[White "Hummel, Paul"]
[Black "Go, Benjamin"]
[Result "0-1"]
[WhiteElo "2021"]
[BlackElo "2168"]
[WhiteFideId "1021168"]
[BlackFideId "1014560"]
[EventDate "2012.12.21"]

1. c4 c6 2. d4 d5 3. cxd5 cxd5 4. Bf4 Nc6 5. Nc3 e6 6. e3 Nf6 7. Qb3 a6 8. Nf3
Be7 9. Rc1 O-O 10. Bd3 b5 11. O-O Bb7 12. Bb1 Rc8 13. Qd1 Na5 14. Ne5 Nc4 15.
Nd3 Ne4 16. Nxe4 dxe4 17. Nc5 Bxc5 18. dxc5 e5 19. Bg3 Qe7 20. Qh5 Rxc5 21. Rc2
f6 22. Rfc1 Rfc8 23. a3 g6 24. Qg4 Bd5 25. Ba2 Kg7 26. h4 h5 27. Qe2 Nb6 28. Bb1
Nd7 29. Rxc5 Rxc5 30. Rd1 Bb3 31. Re1 Bc4 32. Qd2 Rd5 33. Qa5 Nc5 34. f3 exf3
35. gxf3 Qd6 36. Qc3 Rd2 37. Bf2 Na4 38. Qc1 Nxb2 39. f4 exf4 40. exf4 Qxf4 41.
Re7+ Kf8 0-1

[Event "Groningen Open A"]
[Site "Groningen NED"]
[Date "2012.12.22"]
[Round "2.44"]
[White "Maatman, Nick"]
[Black "Grigoryan, Meri"]
[Result "1-0"]
[BlackTitle "WF"]
[WhiteElo "2167"]
[BlackElo "2025"]
[WhiteFideId "1040391"]
[BlackFideId "13300571"]
[EventDate "2012.12.21"]

1. d4 d5 2. c4 e5 3. cxd5 Qxd5 4. Nf3 exd4 5. Nc3 Bb4 6. Qxd4 Qxd4 7. Nxd4 Nf6
8. f3 O-O 9. e4 c6 10. Be3 Re8 11. Kf2 Nbd7 12. Be2 Nf8 13. a3 Bc5 14. b4 Bd6
15. Nb3 Be5 16. Rac1 Bxc3 17. Rxc3 Rxe4 18. Na5 Re8 19. Bc4 Ne6 20. Rd1 Nc7 21.
Rcd3 Bf5 22. R3d2 Nfd5 23. Bd4 b5 24. Bb3 Bd7 25. Rc1 Re6 26. Bc2 Rh6 27. h3 Ne6
28. Be4 Nf8 29. Rdc2 f5 30. Bxd5+ cxd5 31. Rc7 a6 32. Nb7 Ne6 33. Rxd7 Nxd4 34.
Rxd5 Rb6 35. Nc5 Nc6 36. Nd7 1-0

[Event "Groningen Open A"]
[Site "Groningen NED"]
[Date "2012.12.22"]
[Round "2.45"]
[White "Lee, Kai Jie Edward"]
[Black "Majhi, Ankit"]
[Result "1-0"]
[WhiteElo "2165"]
[BlackElo "1984"]
[WhiteFideId "5802920"]
[BlackFideId "1033735"]
[EventDate "2012.12.21"]

1. e4 e5 2. Nf3 Nc6 3. Bb5 a6 4. Ba4 Nf6 5. d3 b5 6. Bb3 Be7 7. O-O O-O 8. a4
Bb7 9. Nc3 b4 10. Nd5 Na5 11. Ba2 Nxd5 12. exd5 d6 13. c3 bxc3 14. b4 c6 15.
bxa5 cxd5 16. d4 Qxa5 17. Ba3 Qc7 18. dxe5 dxe5 19. Bxe7 Qxe7 20. Re1 e4 21. Nd4
Qc5 22. Re3 Rac8 23. Rc1 Rfd8 24. Rh3 g6 25. Bb3 a5 26. Ne2 d4 27. Bxf7+ Kxf7
28. Rxh7+ Kf8 29. Rxb7 Rc7 30. Rxc3 Qxc3 31. Nxc3 Rxb7 32. Nxe4 d3 33. g3 Re7
34. Qf3+ Rf7 35. Qe3 Kg7 36. Nd2 Rdd7 37. Qe5+ Kg8 38. Qxa5 Rf5 39. Qc3 Rdd5 40.
Qc4 Kh7 41. g4 Rfe5 42. a5 Rd7 43. a6 Re2 44. a7 Rxa7 45. Qxd3 Ree7 46. Ne4 Ra5
47. Nf6+ Kg7 48. Qc3 Rea7 49. Ne4+ Kh7 50. g5 Rf5 51. h4 Raf7 52. Qc8 Rf8 53.
Qe6 R5f7 54. h5 Rg7 55. Nf6+ Kh8 56. hxg6 1-0

[Event "Groningen Open A"]
[Site "Groningen NED"]
[Date "2012.12.23"]
[Round "3.2"]
[White "Gormally, Daniel W"]
[Black "Maris, Ivo"]
[Result "1-0"]
[WhiteTitle "GM"]
[WhiteElo "2495"]
[BlackElo "2086"]
[WhiteFideId "406465"]
[BlackFideId "1028146"]
[EventDate "2012.12.21"]

1. d4 Nf6 2. c4 g6 3. Nc3 d5 4. Nf3 Bg7 5. Bf4 O-O 6. Rc1 Nh5 7. Be5 f6 8. Bg3
Nxg3 9. hxg3 dxc4 10. e4 Be6 11. Qa4 Nd7 12. Bxc4 Bf7 13. Bxf7+ Rxf7 14. e5 Nb6
15. Qb3 Qe8 16. Nb5 Qd8 17. Rxc7 a6 18. Nd6 Qxc7 19. Qxf7+ Kh8 20. exf6 Qc1+ 21.
Ke2 Qc2+ 22. Nd2 exf6 23. Ne8 1-0

[Event "Groningen Open A"]
[Site "Groningen NED"]
[Date "2012.12.23"]
[Round "3.4"]
[White "Ernst, Sipke"]
[Black "Hausrath, Daniel"]
[Result "1/2-1/2"]
[WhiteTitle "GM"]
[BlackTitle "IM"]
[WhiteElo "2562"]
[BlackElo "2483"]
[WhiteFideId "1004689"]
[BlackFideId "4617495"]
[EventDate "2012.12.21"]

1. d4 d5 2. c4 e6 3. Nf3 Be7 4. g3 Nf6 5. Bg2 O-O 6. O-O dxc4 7. Nc3 Nc6 8. e4
Rb8 9. a4 a6 10. a5 b5 11. axb6 Rxb6 12. Qe2 Nb4 13. Ne5 Qxd4 14. Nxc4 Rb8 15.
Rd1 Qa7 16. Be3 Qa8 17. Bg5 Qa7 18. h4 h6 19. Be3 Bc5 20. Bf4 e5 21. Nxe5 Re8
22. Na4 Bd6 23. Be3 Qb7 24. Nc4 Nxe4 25. Nab6 Bf5 26. g4 Bh7 27. Nxd6 cxd6 28.
Qc4 Nc6 29. Rxa6 Ne5 30. Qa4 Qc6 31. Qxc6 Nxc6 32. Ra4 Ne5 33. f3 Nc5 34. Bxc5
dxc5 1/2-1/2

[Event "Groningen Open A"]
[Site "Groningen NED"]
[Date "2012.12.23"]
[Round "3.5"]
[White "Naroditsky, Daniel"]
[Black "Andriasian, Zaven"]
[Result "1/2-1/2"]
[WhiteTitle "IM"]
[BlackTitle "GM"]
[WhiteElo "2483"]
[BlackElo "2605"]
[WhiteFideId "2026961"]
[BlackFideId "13302000"]
[EventDate "2012.12.21"]

1. e4 c5 2. Nf3 d6 3. d4 cxd4 4. Nxd4 Nf6 5. Nc3 a6 6. h3 e5 7. Nde2 h5 8. Bg5
Be7 9. Ng3 g6 10. Bc4 Be6 11. Bxf6 Bxf6 12. Nd5 Bg5 13. c3 Nd7 14. Bb3 O-O 15.
O-O Bh6 16. Re1 Nc5 17. Bc2 h4 18. Nf1 Bxd5 19. Qxd5 Qe7 20. Ne3 Bxe3 21. fxe3
Rad8 22. Rf1 Kg7 23. Rf2 Ne6 24. Bb3 Nc5 25. Bc2 Ne6 1/2-1/2

[Event "Groningen Open A"]
[Site "Groningen NED"]
[Date "2012.12.23"]
[Round "3.6"]
[White "Matnadze, Ana"]
[Black "Burg, Twan"]
[Result "0-1"]
[WhiteTitle "IM"]
[BlackTitle "IM"]
[WhiteElo "2401"]
[BlackElo "2498"]
[WhiteFideId "13601377"]
[BlackFideId "1010697"]
[EventDate "2012.12.21"]

1. d4 d5 2. g3 Nf6 3. Bg2 c6 4. Nf3 Bg4 5. O-O Nbd7 6. c4 e6 7. Nc3 dxc4 8. a4
a5 9. h3 Bxf3 10. Bxf3 Bb4 11. e4 e5 12. Be3 O-O 13. Qe2 Nb6 14. Rfd1 Qc7 15. d5
cxd5 16. Nb5 Qc6 17. exd5 Nbxd5 18. Bg5 e4 19. Bg2 Rfe8 20. Rac1 Rad8 21. Kh2
Nb6 22. Nd4 Qd6 23. Nf5 Qe5 24. Rxd8 Rxd8 25. Bxe4 Re8 26. Bxf6 Qxf6 27. Qf3
Qxb2 28. Rc2 Qf6 29. Bxb7 c3 30. Kg2 Nd7 31. g4 Ne5 32. Qe4 Qd8 33. Re2 Kf8 34.
Nd4 Ng6 35. Qxe8+ Qxe8 36. Rxe8+ Kxe8 37. Kf3 Bc5 38. Nc2 Ke7 39. Bd5 f6 40. Bb3
Kd6 41. Ne1 Ke5 42. Bc2 Kd4 43. Nd3 Bd6 44. Nc1 Bc7 45. Ne2+ Kc4 46. Ke4 Ne5 47.
Nc1 Nd7 48. Nd3 g6 49. h4 h5 50. gxh5 f5+ 51. Ke3 gxh5 52. Nc1 f4+ 53. Ke4 Nf6+
54. Kf5 Ng4 55. Bb3+ Kb4 56. f3 Ne5 57. Bd1 Ka3 58. Ne2 Kb2 59. Nxf4 c2 60. Bxc2
Kxc2 61. Ne6 Bb8 62. Ke4 Kb3 63. f4 Nd7 64. Ng7 Kxa4 65. Nxh5 Kb3 66. Ng3 a4 67.
Ne2 a3 68. Nc1+ Kb2 69. Nd3+ Kb1 70. Nb4 Bd6 0-1

[Event "Groningen Open A"]
[Site "Groningen NED"]
[Date "2012.12.23"]
[Round "3.7"]
[White "Bok, Benjamin"]
[Black "Das, Arghyadip"]
[Result "1/2-1/2"]
[WhiteTitle "IM"]
[BlackTitle "IM"]
[WhiteElo "2522"]
[BlackElo "2476"]
[WhiteFideId "1017063"]
[BlackFideId "5003610"]
[EventDate "2012.12.21"]

1. e4 c5 2. Nf3 d6 3. d4 cxd4 4. Nxd4 Nf6 5. Nc3 a6 6. h3 e6 7. g4 Be7 8. g5
Nfd7 9. h4 b5 10. a3 Bb7 11. Be3 Nc6 12. Nxc6 Bxc6 13. Qd4 O-O 14. O-O-O Rb8 15.
h5 a5 16. h6 e5 17. Qd2 g6 18. Nd5 Bxd5 19. exd5 1/2-1/2

[Event "Groningen Open A"]
[Site "Groningen NED"]
[Date "2012.12.23"]
[Round "3.8"]
[White "Michalik, Peter"]
[Black "Nestorovic, Nikola"]
[Result "1-0"]
[WhiteTitle "GM"]
[BlackTitle "IM"]
[WhiteElo "2508"]
[BlackElo "2429"]
[WhiteFideId "14907526"]
[BlackFideId "934526"]
[EventDate "2012.12.21"]

1. d4 Nf6 2. c4 c5 3. d5 b5 4. cxb5 a6 5. bxa6 g6 6. Nc3 Bxa6 7. e4 Bxf1 8. Kxf1
d6 9. Nf3 Bg7 10. g3 Nbd7 11. Kg2 O-O 12. a4 Ra6 13. Qc2 Qa8 14. Nb5 Rc8 15. Bd2
Nb6 16. a5 Nbd7 17. Na3 e6 18. dxe6 fxe6 19. Rhe1 d5 20. exd5 exd5 21. Ng5 Nf8
22. f3 h6 23. Nh3 g5 24. Re7 g4 25. fxg4 Ne4 26. Nb5 Nxd2 27. Qxd2 d4+ 28. Kg1
Qb8 29. Qf4 Qxf4 30. Nxf4 c4 31. Nc7 Ra7 32. Ncd5 Rca8 33. Nh5 Rxe7 34. Nxe7+
Kf7 35. Nxg7 Kxe7 36. Nf5+ Ke6 37. Nxd4+ Kd5 38. Nf5 Ne6 39. a6 Nc5 40. Ne3+ Kd4
41. Nc2+ Ke4 42. a7 Nd3 43. Ra4 Nxb2 44. Rb4 Rxa7 45. Rxb2 c3 46. Rb4+ Kd3 47.
Ne1+ Ke2 48. Re4+ Kd1 49. h4 Ra2 50. Kf1 Rh2 51. Rd4+ Kc1 52. Nd3+ Kb1 53. Rb4+
Ka2 54. Nf2 1-0

[Event "Groningen Open A"]
[Site "Groningen NED"]
[Date "2012.12.23"]
[Round "3.9"]
[White "Baghdasaryan, Vahe"]
[Black "Barua, Dibyendu"]
[Result "0-1"]
[WhiteTitle "IM"]
[BlackTitle "GM"]
[WhiteElo "2388"]
[BlackElo "2410"]
[WhiteFideId "13303139"]
[BlackFideId "5000025"]
[EventDate "2012.12.21"]

1. e4 e6 2. d4 d5 3. Nc3 Bb4 4. a3 Bxc3+ 5. bxc3 dxe4 6. Qg4 Qf6 7. Qxe4 Qg6 8.
Qxg6 hxg6 9. Bf4 c6 10. Be2 Ne7 11. a4 Nd7 12. a5 f6 13. Bd6 Kf7 14. Nf3 Nf5 15.
Bc7 Ke7 16. c4 g5 17. g4 Nd6 18. c5 Nb5 19. Bg3 e5 20. dxe5 Nxc5 21. exf6+ gxf6
22. O-O-O Kf7 23. Nd4 Nxd4 24. Rxd4 Be6 25. Rhd1 Rae8 26. Bf3 Kg7 27. Rb4 Bc8
28. Bd6 Na6 29. Rbd4 Rd8 0-1

[Event "Groningen Open A"]
[Site "Groningen NED"]
[Date "2012.12.23"]
[Round "3.10"]
[White "Van Kampen, Robin"]
[Black "Donchenko, Alexander"]
[Result "1-0"]
[WhiteTitle "GM"]
[BlackTitle "IM"]
[WhiteElo "2570"]
[BlackElo "2401"]
[WhiteFideId "1020854"]
[BlackFideId "24603295"]
[EventDate "2012.12.21"]

1. e4 c5 2. Nf3 d6 3. d4 cxd4 4. Nxd4 Nf6 5. Nc3 a6 6. h3 e6 7. g4 d5 8. exd5
Nxd5 9. Nde2 Bb4 10. Bg2 Nc6 11. O-O Nxc3 12. Nxc3 Qc7 13. Qf3 O-O 14. Bf4 e5
15. Nd5 Qa5 16. Be3 Bc5 17. c3 Bxe3 18. Qxe3 Be6 19. b4 Qd8 20. Rad1 Bxd5 21.
Rxd5 Qc7 22. Rfd1 Rfd8 23. Qc5 Rxd5 24. Rxd5 Re8 25. Be4 Re6 26. a4 b6 27. Qc4
Qe7 28. Qxa6 g6 29. Qc8+ Kg7 30. Rd7 Qf6 31. Qc7 Ne7 32. Qc4 h5 33. Qe2 Qg5 34.
Qe3 Qh4 35. Qg3 Qg5 36. Qd3 Qh4 37. Qg3 Qg5 38. gxh5 Qxh5 39. a5 bxa5 40. bxa5
Qe2 41. Qe3 Qb5 42. Ra7 Nc8 43. Ra8 Nd6 44. Bg2 Nf5 45. Qe4 Rd6 46. a6 Rxa6 47.
Bf1 Qc6 48. Qxe5+ Qf6 49. Qxf6+ Rxf6 50. Ra6 Rd6 51. Rxd6 Nxd6 52. Bd3 Kf6 53.
Kg2 Nb7 54. Kf3 Ke5 55. h4 Nc5 56. Ke3 Na4 57. f4+ Kd5 58. c4+ Kd6 59. f5 Ke5
60. fxg6 fxg6 61. Bxg6 Nb6 62. c5 Nd5+ 63. Kf3 Nf4 64. Bf7 Nd3 65. c6 Kd6 66.
Ke4 Kxc6 67. h5 Nc5+ 68. Kf5 Nd7 69. Be8 Kd6 70. Bxd7 Ke7 71. Be6 Kf8 72. Kf6 1-0

[Event "Groningen Open A"]
[Site "Groningen NED"]
[Date "2012.12.23"]
[Round "3.15"]
[White "Mostertman, Milan"]
[Black "Plat, Vojtech"]
[Result "1/2-1/2"]
[BlackTitle "IM"]
[WhiteElo "2250"]
[BlackElo "2483"]
[WhiteFideId "1025848"]
[BlackFideId "325740"]
[EventDate "2012.12.21"]

1. e4 c5 2. Nf3 Nc6 3. d4 cxd4 4. Nxd4 g6 5. c4 Bg7 6. Be3 Qb6 7. Nb3 Qc7 8. Qd2
d6 9. Nc3 b6 10. Nd5 Qd8 11. f3 Bb7 12. Be2 Rc8 13. O-O Ne5 14. Rac1 e6 15. Nf4
Nf6 16. Rfd1 g5 17. Nh3 g4 18. Nf4 gxf3 19. gxf3 Rg8 20. Kf1 Nxe4 21. fxe4 Qf6
22. Qe1 Bh6 23. Qf2 Bxe4 24. Rxd6 Ng4 25. Bxg4 Rxg4 26. Nd5 Qxf2+ 27. Kxf2 Rg2+
28. Kf1 Bxe3 29. Nxe3 Rxh2 30. Rd2 Rh3 31. Kf2 f5 32. Rg1 f4 33. Ng4 Ke7 34. Rd4
Bd3 35. Ne5 Rh2+ 36. Rg2 Rxg2+ 37. Kxg2 Bb1 38. Rxf4 Bxa2 39. Nd2 b5 40. Ne4 Rc7
41. Rf7+ Kd8 42. Rf8+ Ke7 43. Rf7+ Kd8 44. Rf8+ Ke7 45. Rh8 bxc4 46. Rxh7+ Kd8
47. Rh8+ Ke7 48. Rh7+ Kd8 49. Rxc7 Kxc7 50. Nxc4 Bxc4 51. Nd2 Kc6 52. Nxc4 Kc5
53. Ne5 Kb4 54. Nc6+ Kb3 1/2-1/2

[Event "Groningen Open A"]
[Site "Groningen NED"]
[Date "2012.12.23"]
[Round "3.16"]
[White "Drozdowski, Kacper"]
[Black "Duijker, Rick"]
[Result "1-0"]
[WhiteTitle "FM"]
[BlackTitle "FM"]
[WhiteElo "2426"]
[BlackElo "2242"]
[WhiteFideId "1136720"]
[BlackFideId "1010565"]
[EventDate "2012.12.21"]

1. d4 Nf6 2. Nf3 b5 3. Bg5 Bb7 4. Nbd2 a6 5. Bxf6 gxf6 6. e4 Rg8 7. a4 b4 8. g3
e6 9. Bg2 c5 10. d5 exd5 11. Nh4 d4 12. O-O Nc6 13. Nf5 Qc7 14. Qh5 h6 15. f4
Ne7 16. Nxh6 Bxh6 17. Qxh6 a5 18. Qxf6 Ra6 19. Qe5 Qxe5 20. fxe5 Re6 21. Nb3
Rxe5 22. Nxa5 Ba6 23. Rf6 Rg6 24. Rxg6 Nxg6 25. Bf1 Bxf1 26. Kxf1 Kd8 27. Nc4
Rxe4 28. Re1 Rxe1+ 29. Kxe1 Kc7 30. h4 d5 31. Nd2 Ne5 32. h5 c4 33. h6 d3 34.
Kd1 dxc2+ 35. Kxc2 Kb6 36. h7 Ng6 37. Nf3 b3+ 38. Kc3 Ka5 39. Ne5 Nh8 40. Nd7
Kxa4 41. Nb6+ Kb5 42. Nxd5 Kc5 43. Ne3 Ng6 44. Nxc4 Kd5 45. Kxb3 Ke6 46. Ka4 Kf6
47. b4 Kg7 48. b5 Nf8 49. b6 Nd7 50. Kb5 Kxh7 51. b7 f6 52. Kc6 Nb8+ 53. Kd6 Kg6
54. Na5 Kg5 55. Nc6 Na6 56. Nb4 Nxb4 57. b8=Q 1-0

[Event "Groningen Open A"]
[Site "Groningen NED"]
[Date "2012.12.23"]
[Round "3.19"]
[White "Kuling, Lody"]
[Black "Estremera Panos, Sergio"]
[Result "1/2-1/2"]
[BlackTitle "IM"]
[WhiteElo "2246"]
[BlackElo "2367"]
[WhiteFideId "1019686"]
[BlackFideId "2200864"]
[EventDate "2012.12.21"]

1. e4 e5 2. Nf3 Nc6 3. Nc3 Nf6 4. a3 Be7 5. d4 exd4 6. Nxd4 O-O 7. Nxc6 bxc6 8.
Bd3 d5 9. O-O Rb8 10. b3 Bd6 11. Bb2 dxe4 12. Bxe4 Nxe4 13. Nxe4 Bxh2+ 14. Kxh2
Qh4+ 15. Kg1 Qxe4 16. Re1 Qd5 17. Re7 Bf5 18. Qxd5 cxd5 19. Rxc7 Rfc8 20. Rxc8+
Rxc8 21. Rd1 Bxc2 22. Rxd5 Bxb3 23. Ra5 Ra8 24. Rg5 g6 25. Rb5 Be6 26. Be5 a6
27. Rb8+ 1/2-1/2

[Event "Groningen Open A"]
[Site "Groningen NED"]
[Date "2012.12.23"]
[Round "3.20"]
[White "Goudriaan, Etienne"]
[Black "Maatman, Nick"]
[Result "0-1"]
[WhiteTitle "FM"]
[WhiteElo "2366"]
[BlackElo "2167"]
[WhiteFideId "1021150"]
[BlackFideId "1040391"]
[EventDate "2012.12.21"]

1. e4 e5 2. Nf3 Nc6 3. Bb5 Nf6 4. d3 Bc5 5. Bxc6 dxc6 6. O-O Nd7 7. Nbd2 O-O 8.
Nc4 Re8 9. h3 f6 10. Nh4 Nf8 11. Qf3 Ne6 12. Nf5 Bf8 13. Kh1 c5 14. Qg3 Kh8 15.
f4 b5 16. Na3 g6 17. fxe5 gxf5 18. exf6 Qxf6 19. Nxb5 Qg6 20. Qe5+ Bg7 21. Qd5
Rb8 22. exf5 Qg3 23. fxe6 Be5 24. Qxe5+ Qxe5 25. Bf4 Qh5 26. Nxc7 Bb7 27. Rf2
Rg8 28. Kh2 Rbf8 29. g3 Rxf4 30. gxf4 Qh4 31. Raf1 Qg3# 0-1

[Event "Groningen Open A"]
[Site "Groningen NED"]
[Date "2012.12.23"]
[Round "3.22"]
[White "Go, Benjamin"]
[Black "Mammadova, Gulnar"]
[Result "0-1"]
[BlackTitle "WGM"]
[WhiteElo "2168"]
[BlackElo "2363"]
[WhiteFideId "1014560"]
[BlackFideId "13403508"]
[EventDate "2012.12.21"]

1. e4 e6 2. Nf3 d5 3. Nc3 Nf6 4. e5 Nfd7 5. d4 c5 6. dxc5 Nc6 7. Bf4 Bxc5 8. Bd3
f6 9. exf6 Nxf6 10. Qe2 O-O 11. O-O-O Bd7 12. h4 a6 13. h5 Bb4 14. Bd2 Qe7 15.
g4 e5 16. g5 Bxc3 17. Bxc3 Ng4 18. Bxh7+ Kxh7 19. Rxd5 Be6 20. Nxe5 Qxg5+ 21.
Kb1 Bxd5 22. Qd3+ Qf5 0-1

[Event "Groningen Open A"]
[Site "Groningen NED"]
[Date "2012.12.23"]
[Round "3.23"]
[White "Vogel, Jaap"]
[Black "Berkovich, Mark A"]
[Result "1/2-1/2"]
[WhiteTitle "FM"]
[BlackTitle "IM"]
[WhiteElo "2166"]
[BlackElo "2359"]
[WhiteFideId "1000764"]
[BlackFideId "2801639"]
[EventDate "2012.12.21"]

1. d4 Nf6 2. Nf3 e6 3. g3 c5 4. Bg2 cxd4 5. O-O d5 6. Nxd4 e5 7. Nf3 Nc6 8. c4
d4 9. e3 Be7 10. exd4 exd4 11. Bf4 Be6 12. Nbd2 O-O 13. Re1 Qd7 14. a3 a5 15.
Ne5 Nxe5 16. Bxe5 Ng4 17. Nf3 Nxe5 18. Nxe5 Qd6 19. Rc1 Rac8 20. Bxb7 Rc5 21.
Bd5 Bxd5 22. cxd5 Qxd5 23. Rxc5 Bxc5 24. Nd3 Bd6 25. Qa4 g6 26. Re8 Rxe8 27.
Qxe8+ Kg7 28. Qe2 h5 29. h4 Bc7 30. Kh2 Bd8 31. Kg1 Bf6 32. Nf4 Qb3 33. Nd3 Qc4
34. Qe4 Qc2 35. Qf3 Qd2 36. Kg2 Qc2 37. Kg1 Qd2 38. Kg2 1/2-1/2

[Event "Groningen Open A"]
[Site "Groningen NED"]
[Date "2012.12.23"]
[Round "3.25"]
[White "Schoehuijs, Erik"]
[Black "Pijpers, Arthur"]
[Result "0-1"]
[WhiteElo "2160"]
[BlackElo "2351"]
[WhiteFideId "1004425"]
[BlackFideId "1019554"]
[EventDate "2012.12.21"]

1. d4 d5 2. c4 c6 3. Nc3 dxc4 4. Nf3 Nf6 5. e4 b5 6. Be2 b4 7. e5 bxc3 8. exf6
cxb2 9. fxg7 bxa1=Q 10. gxh8=Q Qa5+ 11. Kf1 Q5c3 12. Bh6 Nd7 13. Qxh7 Bxh6 14.
Qxh6 Rb8 15. Qxc6 Bb7 16. Qc7 Ba6 17. g3 Rb1 18. Kg2 Rxd1 19. Rxd1 Qab2 20. Re1
Qb7 0-1

[Event "Groningen Open A"]
[Site "Groningen NED"]
[Date "2012.12.23"]
[Round "3.29"]
[White "Ratsma, Midas"]
[Black "Ben Artzi, Ido"]
[Result "0-1"]
[WhiteElo "2031"]
[BlackElo "2297"]
[WhiteFideId "1032283"]
[BlackFideId "2810913"]
[EventDate "2012.12.21"]

1. d4 Nf6 2. c4 g6 3. Nf3 Bg7 4. g3 d5 5. cxd5 Nxd5 6. Bg2 Nb6 7. O-O Nc6 8. e3
O-O 9. Nc3 Re8 10. Rb1 a5 11. b3 Bf5 12. Rb2 a4 13. Nxa4 Nxa4 14. bxa4 Qc8 15.
Re1 Be4 16. Rb5 Rd8 17. Bd2 b6 18. Ng5 Bxg2 19. Kxg2 Qd7 20. Qb3 e6 21. h4 e5
22. Bc3 exd4 23. exd4 Nxd4 24. Bxd4 Bxd4 25. Rd1 Qc6+ 26. f3 Qe8 27. Rd5 Rxd5
28. Qxd5 Rd8 29. Re1 Qf8 30. Qc4 c5 31. h5 h6 32. Ne4 Kg7 33. hxg6 fxg6 34. Rb1
Qf7 35. Qxf7+ Kxf7 36. Rxb6 Ra8 37. Nd6+ Kg7 38. Rb7+ Kf8 39. Rh7 Bg7 40. Ne4 c4
41. Kf2 Rxa4 42. Ke3 Rxa2 43. Nd6 c3 44. Ne8 c2 45. Kd2 Bc3+ 46. Kc1 Bd4 0-1

[Event "Groningen Open A"]
[Site "Groningen NED"]
[Date "2012.12.23"]
[Round "3.30"]
[White "Gerlagh, Joris"]
[Black "Mamedjarova, Turkan"]
[Result "1/2-1/2"]
[BlackTitle "WGM"]
[WhiteElo "1925"]
[BlackElo "2277"]
[WhiteFideId "1038834"]
[BlackFideId "13402005"]
[EventDate "2012.12.21"]

1. e4 e5 2. Nf3 Nc6 3. d4 exd4 4. Nxd4 Bc5 5. Be3 Qf6 6. c3 Nge7 7. g3 d5 8. Bg2
Nxd4 9. cxd4 Bb4+ 10. Nc3 Bxc3+ 11. bxc3 dxe4 12. Bxe4 c6 13. O-O O-O 14. Rb1 h6
15. Bg2 Nd5 16. Qc1 Re8 17. c4 Nxe3 18. fxe3 Qe7 19. e4 c5 20. d5 f6 21. Qb2 Qd6
22. a4 Bd7 23. a5 Rab8 24. Qa3 Re5 25. Rb3 f5 26. exf5 Bxf5 27. Qb2 b6 28. axb6
Rxb6 29. Rxb6 axb6 30. Qd2 Be4 31. Qf4 Bxg2 32. Kxg2 Re2+ 33. Kf3 Qxf4+ 34. Kxf4
Kf7 35. h4 g6 36. Rb1 Rf2+ 37. Ke5 Re2+ 38. Kd6 Rc2 39. Rxb6 Rxc4 40. Kc7 Rd4
41. d6 c4 42. Ra6 c3 43. Rc6 Rd3 44. Rc4 Ke6 45. Re4+ Kf7 1/2-1/2

[Event "Groningen Open A"]
[Site "Groningen NED"]
[Date "2012.12.23"]
[Round "3.31"]
[White "Kevlishvili, Robby"]
[Black "Van Overdam, Julian"]
[Result "0-1"]
[WhiteElo "1941"]
[BlackElo "2268"]
[WhiteFideId "1040634"]
[BlackFideId "1015303"]
[EventDate "2012.12.21"]

1. e4 c5 2. Nf3 d6 3. d4 cxd4 4. Nxd4 Nf6 5. Nc3 e6 6. g4 h6 7. h4 Be7 8. Rg1 d5
9. exd5 Nxd5 10. Nxd5 Qxd5 11. Be3 Nc6 12. Bg2 Qa5+ 13. c3 Bd7 14. Qb3 O-O-O 15.
O-O-O a6 16. Nxc6 Bxc6 17. Rxd8+ Bxd8 18. Bxc6 bxc6 19. Qc4 Qb5 20. Qd4 Bf6 21.
Qa7 Qb7 22. Qc5 Bxh4 23. Rd1 Rd8 24. Rxd8+ Bxd8 25. Qf8 f6 26. Bc5 Qc7 27. Kc2
Kb7 28. Qe8 e5 29. Qe6 g6 30. Qb3+ Kc8 31. Qc4 Qb7 32. Qe6+ Qd7 33. Qc4 a5 34.
Be3 h5 35. gxh5 gxh5 36. Qe4 Kb7 37. Qc4 Qd5 38. Qh4 Qf7 39. Qe4 Bc7 40. Qf5 h4
41. b3 Qg7 42. Qh5 f5 43. Qxh4 f4 44. Bd2 Qg6+ 45. Kc1 Qd3 46. Qh1 Bd6 47. Qg2
Ba3+ 48. Kd1 Bd6 49. Qg7+ Bc7 50. Qf7 Qb1+ 51. Ke2 Qxa2 52. Qc4 Qb1 53. Qf7 Qe4+
54. Kd1 Qf3+ 55. Ke1 e4 56. Qe6 Qh1+ 57. Ke2 e3 58. Bxe3 fxe3 59. Qxe3 Qh5+ 60.
Kd2 Qf7 61. Kc2 Bb6 0-1